Biggest Cities in Paraguay - Statistics

General Stats
  • This quiz has been taken 193 times
  • The average score is 4 of 10
Answer Stats
Population City % Correct
1,482,200 Asunción
100%
320,782 Ciudad del Este
74%
74,983 Encarnación
54%
227,876 San Lorenzo
43%
198,553 Capiatá
30%
120,167 Fernando de la Mora
30%
126,377 Lambaré
30%
96,143 Limpio
30%
94,641 Nemby
28%
75,109 Pedro Juan Caballero
26%
No matching quizzes found
Score Distribution
Percent of People with Each Score
Percentile by Number Answered
Your Score History
You have not taken this quiz